000 00361 a2200157 4500
001 47285
020 _a8516007758
040 _cAnchieta - Aquarius
100 _aCarr, Stella
240 1 0 _a=Cuidado, não olhe pra trás!
_l
245 1 0 _a=Cuidado, não olhe pra trás!
300 _a82p.
362 0 _a1998
650 4 _aLiteratura brasileira
942 _cBK
999 _c47285
_d47285